[Event "ch-New York State"]
[Site "Monticello USA"]
[Date "2005.09.05"]
[Round "6"]
[White "Bonin,J"]
[Black "Shapiro,D"]
[Result "0-1"]
[WhiteElo "2335"]
[BlackElo "2239"]

1.d4 Nf6 2.c4 e6 3.Nf3 b6 4.g3 Ba6 5.Nbd2 Bb7 6.Bg2 Be7 7.O-O O-O 8.Qc2 d5
9.b3 Na6 10.Bb2 Rc8 11.Ne5 c5 12.Rac1 cxd4 13.Bxd4 Ba3 14.Bb2 Bxb2 15.Qxb2 Qe7
16.Rfd1 Rc7 17.cxd5 Bxd5 18.Rxc7 Qxc7 19.e4 Bb7 20.Rc1 Qe7 21.Nc6 Qd7 22.Nf3 Nc5
23.Nfe5 Qd6 24.Nxa7 Bxe4 25.Nb5 Qd5 26.Bxe4 Nfxe4 27.Qd4 Qxd4 28.Nxd4 Rd8
29.Rc4 f6 30.Nec6 Ra8 31.b4 Nd3 32.f3 Nd6 33.Rc3 Nb2 34.Ne7+ Kf8 35.Rc7 e5
36.Ndf5 Nb5 37.Rb7 Nc4 38.Nd5 Rxa2 39.Nxg7 Nd4 40.Nh5 Nxf3+ 41.Kf1 Rxh2  0-1

[Event "TCh-POL Ekstraliga"]
[Site "Lubniewice POL"]
[Date "2005.09.08"]
[Round "6"]
[White "Dziuba,M"]
[Black "Lagowski,P"]
[Result "1-0"]
[WhiteElo "2460"]
[BlackElo "2395"]

1.d4 Nf6 2.c4 e6 3.Nf3 b6 4.g3 Ba6 5.b3 d5 6.cxd5 exd5 7.Bg2 Bd6 8.O-O Nbd7
9.Nc3 O-O 10.Nh4 Re8 11.Re1 Bb4 12.Bd2 Bxc3 13.Bxc3 Ne4 14.Bb2 Ndf6 15.h3 Qe7
16.e3 g6 17.Rc1 Rac8 18.Nf3 h5 19.Rc2 c6 20.Ne5 Qe6 21.Kh2 Nd7 22.Nxd7 Qxd7
23.f3 Nd6 24.e4 f5 25.e5 Nf7 26.Qd2 Qe6 27.a4 Kg7 28.h4 Rc7 29.Rec1 Bc8 30.b4 Bd7
31.b5 Rcc8 32.bxc6 Rxc6 33.Rxc6 Bxc6 34.Qb4 Bd7 35.f4 Bc6 36.Ba3 Rc8 37.Qe7 Re8
38.Qf6+  1-0

[Event "80th ch-ARG"]
[Site "Los Polvorines ARG"]
[Date "2005.09.09"]
[Round "2"]
[White "Lafuente,P"]
[Black "Flores,Di"]
[Result "0-1"]
[WhiteElo "2435"]
[BlackElo "2513"]

1.d4 e6 2.c4 Nf6 3.Nf3 b6 4.g3 Ba6 5.Nbd2 c5 6.Bg2 Bb7 7.dxc5 Bxc5 8.O-O O-O
9.b3 Be7 10.Bb2 d6 11.e4 Qc7 12.Qe2 Nc6 13.h3 Nd7 14.Rad1 Bf6 15.Nb1 Bxb2
16.Qxb2 Rfd8 17.Nc3 a6 18.Qd2 Nf6 19.Qe3 Rab8 20.Rc1 Ne7 21.Rfd1 h6 22.Qe1 Rbc8
23.e5 Ne8 24.exd6 Nxd6 25.Nh4 Bxg2 26.Nxg2 Ng6 27.Qe2 Nf5 28.Qe4 Rxd1+ 29.Nxd1 Qc5
30.Nde3 Nd6 31.Qc2 Ne5 32.Ne1 Qc6 33.Rd1 Ne4 34.h4 f5 35.Qb2 Nf7 36.N3g2 e5
37.Ne3 f4 38.Nd5 Re8 39.Qe2 Nfd6 40.Kh2 b5 41.Rc1 bxc4 42.bxc4 Kh8 43.Nd3 Rf8
44.gxf4 exf4 45.f3 Ng3 46.Qd2 Nxc4 47.Qb4 Rc8 48.N3xf4 Ne2 49.Rxc4 Qxc4 50.Qxc4 Rxc4
51.Nxe2 Rxh4+ 52.Kg3 Rc4 53.Nec3 g5 54.Ne4 Kg7 55.Kg4 Kg6 56.Ne7+ Kg7 57.Nd5 Rd4
58.Nc3 Kg6 59.Ne2 Rb4 60.Kg3 Kf5 61.a3 Ra4 62.Nd6+ Kg6 63.Nb7 Rxa3  0-1

[Event "FSGM September"]
[Site "Budapest HUN"]
[Date "2005.09.12"]
[Round "10"]
[White "Ilincic,Z"]
[Black "Paschall,W"]
[Result "1-0"]
[WhiteElo "2470"]
[BlackElo "2399"]

1.d4 Nf6 2.c4 e6 3.Nf3 b6 4.g3 Ba6 5.Qa4 Bb7 6.Bg2 c5 7.O-O cxd4 8.Nxd4 Bxg2
9.Kxg2 Qc8 10.Rd1 Nc6 11.Nb5 a6 12.Nd6+ Bxd6 13.Rxd6 Ne5 14.Rxb6 Nxc4 15.Rb4 Nb6
16.Qd1 Qc5 17.Rh4 g5 18.Rd4 e5 19.Rd3 Ng4 20.Qe1 e4 21.Rc3 Qe5 22.h3 Nf6
23.Nd2 O-O 24.Rb3 Qe6 25.Nf1 h6 26.h4 Nbd5 27.hxg5 hxg5 28.Bxg5 Kg7 29.Bxf6+ Kxf6
30.Ne3 Nf4+ 31.gxf4 Rg8+ 32.Kh2 Rh8+ 33.Kg1 Rag8+ 34.Ng2  1-0

[Event "EYb16"]
[Site "Herceg Novi SCG"]
[Date "2005.09.14"]
[Round "1"]
[White "Papadopoulos,N"]
[Black "Agafii,V"]
[Result "0-1"]
[WhiteElo "2055"]
[BlackElo "2279"]

1.d4 Nf6 2.Nf3 e6 3.c4 b6 4.g3 Ba6 5.b3 Bb4+ 6.Bd2 Be7 7.Bc3 d5 8.Nbd2 O-O
9.Bg2 c5 10.O-O Nc6 11.cxd5 exd5 12.Rc1 Re8 13.Re1 Rc8 14.Bh3 Rc7 15.e3 Bd6
16.Nb1 c4 17.bxc4 Bxc4 18.a3 Ne4 19.Bb2 Qe7 20.Nfd2 Nxd2 21.Nxd2 Na5 22.e4 Bxa3
23.exd5 Qxe1+ 24.Qxe1 Rxe1+ 25.Rxe1 Re7 26.Rxe7 Bxe7 27.Bg2 b5 28.Bf1 Bb4
29.Bc1 Kf8 30.Nb1 Bxf1 31.Kxf1 Nc4 32.Ke2 Ke7 33.Bf4 Nb6  0-1

[Event "EYb16"]
[Site "Herceg Novi SCG"]
[Date "2005.09.15"]
[Round "2"]
[White "Trofimov,SP"]
[Black "Lapcevic,M"]
[Result "1-0"]
[WhiteElo "2411"]
[BlackElo "2269"]

1.d4 Nf6 2.c4 e6 3.Nf3 b6 4.g3 Ba6 5.b3 Bb4+ 6.Bd2 Be7 7.Bg2 c6 8.Bc3 d5
9.Ne5 Nfd7 10.Nxd7 Nxd7 11.Nd2 O-O 12.O-O Rc8 13.e4 b5 14.Re1 dxc4 15.bxc4 bxc4
16.Qa4 Bb5 17.Qc2 Nb6 18.a4 Ba6 19.Rad1 Re8 20.a5 Nd7 21.Qa2 c5 22.d5 e5
23.Bf1 Bd6 24.Bxc4 Bxc4 25.Nxc4 Qe7 26.Rb1 Rb8 27.Qa4 Nf6 28.f3 Rec8 29.Qa1 Nd7
30.Rxb8 Rxb8 31.Rb1 f6 32.Rxb8+ Nxb8 33.Qa4 a6 34.Qb3 Qc7 35.Qb6 Qxb6 36.axb6 Be7
37.b7 Bd8 38.Ba5 Bxa5 39.Nxa5 Kf7 40.Kf2  1-0

[Event "EYg16"]
[Site "Herceg Novi SCG"]
[Date "2005.09.16"]
[Round "3"]
[White "Gunina,V"]
[Black "Bokuchava,M"]
[Result "1-0"]
[WhiteElo "2394"]
[BlackElo "2078"]

1.d4 Nf6 2.c4 e6 3.Nf3 b6 4.g3 Ba6 5.b3 Bb4+ 6.Bd2 Be7 7.Bg2 c6 8.O-O d5
9.Bc3 Nbd7 10.Nbd2 O-O 11.Re1 c5 12.e4 dxe4 13.Ne5 Bb7 14.Nxd7 Qxd7 15.dxc5 e3
16.Rxe3 Bxg2 17.Kxg2 Qc6+ 18.Qf3 Qxf3+ 19.Nxf3 Bxc5 20.Rd3 Ne4 21.Bd4 Rfd8
22.Rad1 Be7 23.Ne5 Rac8 24.Be3 Rxd3 25.Rxd3 Bd6 26.f3 Bxe5 27.fxe4 Kf8 28.Rd7 Rc7
29.Rd8+ Ke7 30.Ra8 Bd6 31.Rg8 Kf6 32.Kf3 Rd7 33.h4 h6 34.g4 Be5 35.h5 Rd3
36.Ke2 Rd7 37.Ra8 Bd6 38.Rc8 Rc7 39.Rd8 Be7 40.Rg8 Rd7 41.Bf2 Bb4 42.Bg3 Bc3
43.Bf4 e5 44.Be3 Bd4 45.Bd2 a5 46.Be1 g5 47.Rc8 Rd6 48.b4 axb4 49.Bxb4 Bc5
50.Bc3 Bd4 51.Bb4 Bc5 52.Bxc5 bxc5 53.Rxc5 Ra6 54.Rd5 Rxa2+ 55.Rd2 Ra3 56.Rd6+ Ke7
57.Rxh6 Rc3  1-0

[Event "EYg18"]
[Site "Herceg Novi SCG"]
[Date "2005.09.20"]
[Round "6"]
[White "Lupik,M"]
[Black "Markantonaki,H"]
[Result "1-0"]
[WhiteElo "2200"]
[BlackElo "2115"]

1.d4 Nf6 2.c4 e6 3.Nf3 b6 4.g3 Ba6 5.Qc2 c5 6.Bg2 Nc6 7.O-O cxd4 8.Rd1 Rc8
9.Qa4 Bb7 10.Nxd4 Nxd4 11.Rxd4 Bxg2 12.Kxg2 Bc5 13.Rd3 Qc7 14.Nc3 Qb7+ 15.f3 h6
16.Bf4 g5 17.Be5 Be7 18.Rad1 Qc6 19.Bxf6 Qxa4 20.Nxa4 Bxf6 21.Rxd7 Rxc4 22.Rxa7 Rc2
23.Nxb6 Kf8 24.Nd7+ Kg7 25.Nxf6 Kxf6 26.Kf2 Rxb2 27.Rdd7 Rc8 28.Rxf7+ Ke5
29.Ra5+ Kd6 30.Ra6+ Kd5 31.Rd7+ Ke5 32.Re7 Rcc2 33.Rexe6+ Kd5 34.Rad6+ Kc4
35.Rc6+ Kd4 36.Rxc2 Rxc2 37.Rxh6 Rxa2 38.Rh5 Ra5 39.h4  1-0

[Event "EYb16"]
[Site "Herceg Novi SCG"]
[Date "2005.09.20"]
[Round "6"]
[White "Pachta,P"]
[Black "Lapcevic,M"]
[Result "1-0"]
[WhiteElo "2201"]
[BlackElo "2269"]

1.d4 Nf6 2.Nf3 e6 3.c4 b6 4.g3 Ba6 5.Qa4 Bb7 6.Bg2 Be7 7.O-O O-O 8.Nc3 Ne4
9.Nxe4 Bxe4 10.Rd1 Qc8 11.b4 c5 12.bxc5 bxc5 13.Ba3 Na6 14.Rd2 d6 15.Rad1 cxd4
16.Nxd4 Bxg2 17.Kxg2 Nc5 18.Nc6 Bf6 19.Bxc5 dxc5 20.e4 Qb7 21.Rd7 Qb2 22.R1d2 Qc3
23.R7d3 Qa1 24.f4 e5 25.fxe5 Bxe5 26.Rd1 Qb2+ 27.R3d2 Qc3 28.Rc2 Qe3 29.Nxe5 Qxe4+
30.Nf3 Rab8 31.Rcd2 Rb4 32.Qc2 Qxc4 33.Qxc4 Rxc4 34.Ne5 Rc3 35.Nc6 g6 36.Nxa7 Ra3
37.Nb5 Ra4 38.Nc3 Rc4 39.Nd5 Kg7 40.Re2 Rb8 41.Rdd2 Rb7 42.Rc2 Rxc2 43.Rxc2  1-0

[Event "ProMoPro Open"]
[Site "Prague CZE"]
[Date "2005.09.21"]
[Round "7"]
[White "Kubikova,H"]
[Black "Srba,M"]
[Result "1-0"]
[WhiteElo "2125"]
[BlackElo "2222"]

1.d4 e6 2.Nf3 Nf6 3.c4 b6 4.g3 Ba6 5.Nbd2 Bb4 6.Qa4 c5 7.a3 Bxd2+ 8.Bxd2 cxd4
9.Bg2 Bb7 10.Bb4 Qc7 11.O-O a5 12.Bd2 Bc6 13.Qd1 e5 14.e3 dxe3 15.Bxe3 O-O
16.Qb3 Ra6 17.Rad1 Qb7 18.Nh4 Bxg2 19.Nxg2 a4 20.Qb5 Re8 21.Rd6 Nc6 22.c5 Ra5
23.Qxb6 Qxb6 24.cxb6 Rb5 25.Rb1 Na5 26.b7 Rxb7 27.Ra6 Rb5 28.Bd2 Nc4 29.Bb4 Nb6
30.Ne3 d5 31.Rc1 d4 32.Nf5 Ne4 33.f3 g6 34.Ne7+ Rxe7 35.Bxe7 f5 36.fxe4 fxe4
37.Bg5 e3 38.Bh6 Rxb2 39.Rf1  1-0

[Event "EYg18"]
[Site "Herceg Novi SCG"]
[Date "2005.09.22"]
[Round "8"]
[White "Lupik,M"]
[Black "Kovanova,B"]
[Result "0-1"]
[WhiteElo "2200"]
[BlackElo "2321"]

1.d4 Nf6 2.c4 e6 3.Nf3 b6 4.g3 Ba6 5.b3 Bb4+ 6.Bd2 Qe7 7.Bg2 O-O 8.O-O c6
9.Ne5 d5 10.Qc2 Bxd2 11.Nxd2 Nbd7 12.Nxd7 Nxd7 13.e4 dxc4 14.Nxc4 Bxc4 15.Qxc4 c5
16.Rfd1 e5 17.dxe5 Nxe5 18.Qb5 Rac8 19.Rd5 Nc6 20.Rad1 Nd4 21.Rd7 Qe8 22.Qa4 Ne2+
23.Kh1 Nc3 24.Qxa7 Nxd1 25.Rxd1 Rd8 26.Rxd8 Qxd8 27.Bf1 Re8 28.Bc4 Re7 29.Qa4 Qd7
30.Qa8+ Qe8 31.Qa6 Qb8 32.Bd5 Ra7 33.Qc4 Rxa2 34.Bxf7+ Kh8 35.Kg2 Qe5 36.b4 Rd2
37.bxc5 bxc5 38.Qa4 Qe7 39.Qe8+ Qxe8 40.Bxe8 c4 41.Kf3 c3 42.Ke3 Rxf2  0-1

[Event "EYg16"]
[Site "Herceg Novi SCG"]
[Date "2005.09.23"]
[Round "9"]
[White "Gunina,V"]
[Black "Rakic,Ma"]
[Result "0-1"]
[WhiteElo "2394"]
[BlackElo "2057"]

1.d4 Nf6 2.c4 e6 3.Nf3 b6 4.g3 Ba6 5.b3 b5 6.Bg2 bxc4 7.Ne5 Bb4+ 8.Bd2 cxb3
9.Bxb4 b2 10.Nd2 bxa1=Q 11.Qxa1 Nd5 12.Bxd5 exd5 13.Qc3 d6 14.Nd3 Bxd3 15.Qxd3 O-O
16.O-O Nd7 17.Rc1 Nf6 18.Ba5 Rc8 19.e4 dxe4 20.Nxe4 Nxe4 21.Qxe4 Qg5 22.Qe1 c5
23.h4 Qd5 24.dxc5 Rxc5 25.Rd1 Qxa2 26.Bb4 Rd5 27.Ra1 Qb3 28.Rb1 Qd3 29.Ra1 Qf3
30.Kh2 Re5 31.Qf1 Re2 32.Kg1 Rd8 33.Rxa7 d5 34.Ra3 Qe4 35.Ba5 Ra8 36.Qc1 h6
37.Bb4 Rxa3 38.Qxa3 d4 39.Qa5 Rb2  0-1

[Event "EYb18"]
[Site "Herceg Novi SCG"]
[Date "2005.09.23"]
[Round "9"]
[White "Pashikian,A"]
[Black "Lanin,A"]
[Result "1/2-1/2"]
[WhiteElo "2442"]
[BlackElo "2424"]

1.d4 Nf6 2.Nf3 e6 3.c4 b6 4.g3 Ba6 5.b3 Bb4+ 6.Bd2 Be7 7.Nc3 d5 8.cxd5 exd5
9.Bg2 O-O 10.O-O c6 11.Rc1 Re8 12.Ne5 Bd6 13.Re1 Bxe5 14.dxe5 Rxe5 15.e4 Bb7
16.Bf4 Re8 17.exd5 Rxe1+ 18.Qxe1 cxd5 19.Nb5 Na6 20.Nd6 Qd7 21.b4 Ne8 22.Nxb7 Qxb7
23.a3 Qd7 24.Qe2 Nac7 25.Bxc7 Nxc7 26.Qe5 Rc8 27.Bxd5 Nxd5 28.Rxc8+ Qxc8
29.Qxd5 g6 30.Kg2 Qa6 31.Qd8+ Kg7 32.Qd4+ Kg8 33.Qc3 Qb5 34.Qc8+  1/2-1/2

[Event "Caissa IM September"]
[Site "Kecskemet HUN"]
[Date "2005.09.23"]
[Round "9"]
[White "Keresztes,R"]
[Black "Kragelj,I"]
[Result "1/2-1/2"]
[WhiteElo "2232"]
[BlackElo "2230"]

1.d4 Nf6 2.c4 e6 3.Nf3 b6 4.g3 Ba6 5.b3 Bb4+ 6.Bd2 Be7 7.Bg2 c6 8.Qc2 d5
9.O-O Nbd7 10.Bf4 O-O 11.Nbd2 c5 12.dxc5 Bxc5 13.Qb2 Qe7 14.a3 Rac8 15.b4 Bd6
16.Bxd6 Qxd6 17.b5 Bb7 18.Rac1 Qb8 19.Nd4 Nc5 20.Qb4 Rfd8 21.Rfd1 h6 22.a4 Qc7
23.N4b3 d4 24.Nxc5 bxc5 25.Qa3 e5 26.Qd3 Bxg2 27.Kxg2 Qb7+  1/2-1/2

[Event "TCh-NED 2005-6"]
[Site "Netherlands NED"]
[Date "2005.09.24"]
[Round "1"]
[White "Rothuis,V"]
[Black "Kabatianski,A"]
[Result "1/2-1/2"]
[WhiteElo "2276"]
[BlackElo "2436"]

1.d4 Nf6 2.c4 e6 3.Nf3 b6 4.g3 Ba6 5.b3 Bb4+ 6.Bd2 Be7 7.Bg2 c6 8.Bc3 d5
9.Ne5 Nfd7 10.Nxd7 Nxd7 11.Nd2 O-O 12.O-O Rb8 13.e4 b5 14.Re1 dxc4 15.bxc4 bxc4
16.Bf1 Nb6 17.a4 Qc7 18.a5 Nd7 19.Bxc4 Bxc4 20.Nxc4 Rb5 21.Qa4 a6 22.Rac1 Qb7
23.Qc2 Rd8 24.Red1 h6 25.f3 Nf6 26.Kg2 Nd7 27.Rd2 Nf6 28.Rcd1 Rb8 29.h4 Rd8
30.Rd3 Qc7 31.Qe2 Qb7 32.Qc2 Rb8 33.Be1 Nd7 34.Bc3 h5 35.R3d2 Rb1 36.Rxb1 Qxb1
37.Qxb1 Rxb1 38.d5 exd5 39.exd5 cxd5 40.Ne3 Nf6 41.Nxd5 Nxd5 42.Rxd5 Rc1
43.Rd3  1/2-1/2

[Event "2nd Highlands Open A"]
[Site "Havlickuv Brod CZE"]
[Date "2005.09.30"]
[Round "7"]
[White "Pinc,M"]
[Black "Jackova,J"]
[Result "0-1"]
[WhiteElo "2205"]
[BlackElo "2386"]

1.d4 Nf6 2.c4 e6 3.Nf3 b6 4.g3 Ba6 5.b3 Bb7 6.Bg2 Be7 7.O-O O-O 8.Nc3 Ne4
9.Bb2 f5 10.Qc2 Nxc3 11.Bxc3 d6 12.b4 Nd7 13.d5 e5 14.e4 f4 15.Ne1 Qe8 16.a4 Qh5
17.Bf3 Qh6 18.a5 Nf6 19.axb6 axb6 20.Rxa8 Rxa8 21.Nd3 g5 22.Bg2 fxg3 23.hxg3 Ng4
24.Ra1 Rf8 25.Qe2 Qh2+ 26.Kf1 Qxg3 27.Bd2 Bc8 28.Ra8 Nh2+ 29.Kg1 Qh4 30.c5 g4
31.Be3 Nf3+ 32.Kf1 Qh2 33.Qc2 Qg1+ 34.Ke2 Qxg2 35.cxb6 Nd4+ 36.Bxd4 exd4
37.Rxc8 Qxe4+  0-1

[Event "Autumn 4"]
[Site "Alushta UKR"]
[Date "2005.10.01"]
[Round "9"]
[White "Pimonenko,B"]
[Black "Obukhov,A"]
[Result "0-1"]
[WhiteElo "2308"]
[BlackElo "2522"]

1.d4 Nf6 2.c4 e6 3.Nf3 b6 4.g3 Ba6 5.b3 Bb4+ 6.Bd2 Be7 7.Bg2 Bb7 8.O-O O-O
9.Bc3 d5 10.Ne5 Na6 11.Bb2 c5 12.dxc5 bxc5 13.Nd2 Qb6 14.cxd5 exd5 15.Rc1 Rfe8
16.Nd3 Rad8 17.Qc2 Bf8 18.Rfe1 Ng4 19.h3 Nf6 20.e3 Ne4 21.Nf1 d4 22.exd4 cxd4
23.Nd2 f5 24.Nc4 Qc7 25.Red1 Nac5 26.Nxc5 Bxc5 27.Qd3 Nxf2 28.Kxf2 Re3  0-1

[Event "2nd Highlands Open A"]
[Site "Havlickuv Brod CZE"]
[Date "2005.10.01"]
[Round "8"]
[White "Polak,T"]
[Black "Cvek,R"]
[Result "1/2-1/2"]
[WhiteElo "2493"]
[BlackElo "2479"]

1.d4 Nf6 2.c4 e6 3.Nf3 b6 4.g3 Ba6 5.Nbd2 Bb4 6.Qc2 Bb7 7.Bg2 Be4 8.Qb3 Bxd2+
9.Bxd2 O-O 10.O-O d6 11.Rfd1  1/2-1/2

[Event "Belgrade Premier League"]
[Site "Belgrade SCG"]
[Date "2005.10.04"]
[Round "4"]
[White "Rajkovic,Du"]
[Black "Ostojic,N"]
[Result "1-0"]
[WhiteElo "2484"]
[BlackElo "2428"]

1.d4 Nf6 2.c4 e6 3.Nf3 b6 4.g3 Ba6 5.Nbd2 Bb4 6.Qc2 Bb7 7.Bg2 Be4 8.Qd1 O-O
9.O-O Bxd2 10.Qxd2 a5 11.b3 d6 12.Bb2 Nbd7 13.Rfd1 Qb8 14.a4 Qb7 15.Rac1 Rfe8
16.Qe3 Rac8 17.Bh3 c6 18.Ba3 d5 19.Ne5 c5 20.f3 Bg6 21.Nxd7 Nxd7 22.cxd5 exd5
23.Qd2 Rcd8 24.Kf2 h6 25.Rc3 Nb8 26.Re3 Rxe3 27.Qxe3 Nc6 28.Bb2 Qb8 29.Qc3 f6
30.dxc5 bxc5 31.Qxc5 Qxb3 32.Rd2 Qb4 33.Rxd5 Qxb2 34.Qxc6 Re8 35.Qb5 Qc2
36.Bf5 Bxf5 37.Qxe8+ Kh7 38.Qb5 Be6 39.Qd3+  1-0

[Event "Open A"]
[Site "Hamburg GER"]
[Date "2005.10.04"]
[Round "4"]
[White "Conrad,C"]
[Black "Baramidze,D"]
[Result "0-1"]
[WhiteElo "2220"]
[BlackElo "2542"]

1.d4 Nf6 2.Nf3 e6 3.c4 b6 4.g3 Ba6 5.b3 d5 6.cxd5 exd5 7.Bg2 Bb4+ 8.Bd2 Qe7
9.O-O Bd6 10.Nc3 O-O 11.Bg5 c6 12.Qc2 Nbd7 13.Rfd1 Rfe8 14.Ne1 h6 15.Bxf6 Nxf6
16.Nd3 Rac8 17.e3 Ne4 18.Nxe4 dxe4 19.Nb2 c5 20.Bh3 cxd4 21.Bxc8 Rxc8 22.Qd2 d3
23.Rdc1 Bb4 24.Rxc8+ Bxc8 25.Qd1 Qf6 26.Rc1 Bh3 27.Rb1 b5 28.a4 Bc3 29.Qh5 Be6
30.Nd1 b4 31.Qb5 Qf3 32.Qb8+ Kh7 33.Qf4 Qe2 34.Qxe4+ g6 35.h4 h5 36.Kh2 Qc2
37.Nxc3 Qxf2+ 38.Kh1 bxc3 39.Qxd3 Bg4  0-1

[Event "Open A"]
[Site "Hamburg GER"]
[Date "2005.10.07"]
[Round "5"]
[White "Richter,Ch"]
[Black "Lindinger,M"]
[Result "1-0"]
[WhiteElo "2435"]
[BlackElo "2303"]

1.Nf3 Nf6 2.c4 e6 3.d4 b6 4.g3 Ba6 5.Qa4 Be7 6.Bg2 O-O 7.Nc3 c6 8.Ne5 Qe8
9.Bf4 b5 10.cxb5 cxb5 11.Qd1 d5 12.a3 Nc6 13.O-O Nxe5 14.Bxe5 Rc8 15.Qb3 Nd7
16.Bf4 Nb6 17.Rfd1 Qd7 18.e4 Rfd8 19.exd5 exd5 20.Be5 Rc4 21.Bf1 b4 22.Nb1 bxa3
23.Qf3 Ra4 24.Bxa6 Rxa6 25.Nxa3 Na4 26.Nb1 Rh6 27.b3 Nb6 28.Nc3 Bb4 29.Ne2 Rc6
30.Rdc1 Rdc8 31.Rxc6 Rxc6 32.Kg2 a5 33.Rd1 f6 34.Bf4 Nc8 35.h4 Ne7 36.Rd3 Qf5
37.Re3 h6 38.h5 Kf7  1-0

[Event "Open A"]
[Site "Hamburg GER"]
[Date "2005.10.07"]
[Round "7"]
[White "Kempinski,R"]
[Black "Siebrecht,S"]
[Result "1-0"]
[WhiteElo "2619"]
[BlackElo "2485"]

1.d4 Nf6 2.c4 e6 3.Nf3 b6 4.g3 Ba6 5.b3 Bb4+ 6.Bd2 Be7 7.Nc3 d5 8.cxd5 exd5
9.Bg2 O-O 10.O-O Bb7 11.Rc1 Na6 12.Bf4 Ba3 13.Rc2 c6 14.Ne5 Nb4 15.Rd2 Na6
16.Qb1 Re8 17.Rdd1 Bb4 18.Qc2 Bd6 19.e4 Rc8 20.Nxf7 Kxf7 21.Bxd6 Qxd6 22.e5 Nb4
23.Qb1 Rxe5 24.dxe5 Qxe5 25.Qc1 Qf5 26.Rd2 Re8 27.a3 Na6 28.b4 Nc7 29.Rfd1 Ba6
30.Nxd5 Ncxd5 31.Qxc6 Ne7 32.Qc7 Ne4 33.Rb2 Rc8 34.Qxa7 Nc3 35.Re1 Ne2+ 36.Rbxe2 Bxe2
37.Bf1 Bxf1 38.Qxe7+ Kg8 39.Kxf1 Qd3+ 40.Qe2 Qc3 41.Qe6+  1-0

[Event "Autumn 5"]
[Site "Alushta UKR"]
[Date "2005.10.08"]
[Round "3"]
[White "Khurtsidze,N"]
[Black "Alexeev,Alexe"]
[Result "1/2-1/2"]
[WhiteElo "2434"]
[BlackElo "2356"]

1.d4 Nf6 2.c4 e6 3.Nf3 b6 4.g3 Ba6 5.b3 Bb4+ 6.Bd2 Be7 7.Bg2 c6 8.O-O d5
9.Ne5 Nfd7 10.Nxd7 Nxd7 11.Bc3 O-O 12.Nd2 Nf6 13.e4 b5 14.exd5 exd5 15.Re1 Rb8
16.c5 b4 17.Bb2 Bb5 18.Nf3 Re8 19.Ne5 Nd7 20.Nd3 a5 21.a3 bxa3 22.Rxa3 a4
23.Bc3 axb3 24.Rxb3 Bf6 25.Ra3 Rxe1+ 26.Nxe1 Ra8 27.Qa1 Rxa3 28.Qxa3 Qe8
29.Bf1 Bxd4 30.Bxb5 Bxc5 31.Qb3 cxb5 32.Qxb5 d4 33.Bd2 h6 34.Nf3 Qe6 35.h4 Qd5
36.Ne1 Nf6 37.Nd3 Ba7 38.Qa6 Qd7 39.Bxh6 Ne4 40.Bf4 Nc5 41.Nxc5 Bxc5 42.Qc4 Qf5
43.Kf1 Qb1+ 44.Ke2 Qe4+ 45.Kd2 Bb6 46.Qc8+ Kh7 47.Qa6 Qc6 48.Qd3+ Kg8 49.Ke2 Qd5
50.Bd2 Qh5+ 51.Ke1 Qd5 52.Ke2 Qh5+  1/2-1/2

[Event "Veselin Boskovic Mem"]
[Site "Bijelo Polje SCG"]
[Date "2005.10.09"]
[Round "8"]
[White "Blagojevic,D"]
[Black "Parligras,M"]
[Result "1/2-1/2"]
[WhiteElo "2541"]
[BlackElo "2577"]

1.d4 Nf6 2.c4 e6 3.Nf3 b6 4.g3 Ba6 5.b3 Bb4+ 6.Bd2 Be7 7.Bg2 c6 8.Bc3 d5
9.Nbd2 Nbd7 10.O-O O-O 11.Re1 c5 12.e4 dxe4 13.Ng5 cxd4 14.Bxd4 Bb7 15.Ndxe4 Qc7
16.Nxf6+ Bxf6 17.Bxb7 Qxb7 18.Bxf6 Nxf6 19.Qf3 Qc7 20.Rad1 Rad8 21.Ne4 Nxe4
22.Rxe4 Rxd1+ 23.Qxd1 Rd8 24.Rd4 Rxd4 25.Qxd4 a5 26.a3 f6 27.b4 axb4 28.axb4 Kf7
29.Kf1 Ke7 30.Ke2 Qd6 31.Qxd6+ Kxd6 32.Ke3 e5 33.g4 g6 34.f4 f5 35.gxf5 gxf5
36.fxe5+ Kxe5 37.h4 f4+ 38.Kf3 Kd4 39.c5 bxc5 40.bxc5 Kxc5 41.Kxf4  1/2-1/2

[Event "Open A"]
[Site "Hamburg GER"]
[Date "2005.10.09"]
[Round "9"]
[White "Kempinski,R"]
[Black "Kengis,E"]
[Result "1-0"]
[WhiteElo "2619"]
[BlackElo "2528"]

1.d4 Nf6 2.c4 e6 3.Nf3 b6 4.g3 Ba6 5.b3 Bb4+ 6.Bd2 Bxd2+ 7.Qxd2 c5 8.Bg2 d5
9.cxd5 exd5 10.Nc3 Nc6 11.O-O O-O 12.dxc5 bxc5 13.Rfd1 d4 14.Na4 Re8 15.Nxc5 Bxe2
16.Nxd4 Nxd4 17.Bxa8 Bxd1 18.Rxd1 Re2 19.Qd3 Qxa8 20.Qxd4 h5 21.Qd8+ Qxd8
22.Rxd8+ Kh7 23.a4 Ng4 24.Rd7 Nxf2 25.Rxa7 Rc2 26.b4 Kg6 27.a5 Ng4 28.a6 Rc1+
29.Kg2 Rc2+ 30.Kf3 f5 31.Nd3 Nxh2+ 32.Ke3 Nf1+ 33.Kd4 Nxg3 34.Rd7 Ra2 35.a7 h4
36.b5 Ne2+ 37.Ke3 h3 38.Rd6+ Kg5 39.Ra6 f4+ 40.Nxf4  1-0

[Event "FSGM October"]
[Site "Budapest HUN"]
[Date "2005.10.10"]
[Round "10"]
[White "Buli,V"]
[Black "Kallio,H"]
[Result "1/2-1/2"]
[WhiteElo "2294"]
[BlackElo "2501"]

1.d4 Nf6 2.c4 e6 3.Nf3 b6 4.g3 Ba6 5.Qa4 Be7 6.Nc3 O-O 7.Bg2 Bb7 8.O-O Ne4
9.Qc2 Nxc3 10.Qxc3 Be4 11.Bf4 c5 12.dxc5 bxc5 13.Be5 f6 14.Qe3 Bc6 15.Bc3 a5
16.Rfd1 Qc7 17.Nd2 Bxg2 18.Kxg2 f5 19.Nf3 Nc6 20.Rd2 Qc8 21.Rad1 d6 22.Ne1 e5
23.f4 exf4 24.Qxf4 Nd8 25.Nd3 Ne6 26.Qf3 Ng5 27.Qd5+ Rf7 28.Nf2 Ra7 29.Rd3 Bf8
30.h4 Ne6 31.Nh3 f4 32.gxf4 Nxf4+ 33.Nxf4 Qg4+ 34.Rg3 Qxf4 35.Kh3 Re7 36.Rf3 Re3
37.Rd3 Rxd3 38.Qxd3 Qc1 39.Kg2 Rxf3 40.Qxf3 Be7 41.Qd5+ Kf8 42.Qf5+ Ke8 43.Qxh7 Qf4
44.Qg6+ Kd7 45.e4 Qxh4 46.Bxa5 Bd8 47.Bxd8 Qxd8 48.Qxg7+ Kc6 49.Kg3 Qe8 50.Qf6 Qg8+
51.Kf2 Qxc4 52.e5  1/2-1/2

[Event "TCh-NED 2005-6"]
[Site "Netherlands NED"]
[Date "2005.10.15"]
[Round "2"]
[White "Doettling,F"]
[Black "Ligterink,G"]
[Result "1-0"]
[WhiteElo "2542"]
[BlackElo "2418"]

1.d4 Nf6 2.Nf3 e6 3.c4 b6 4.g3 Ba6 5.Nbd2 Bb4 6.Qc2 Bb7 7.Bg2 Be4 8.Qd1 O-O
9.O-O Bxd2 10.Qxd2 d6 11.b3 Nbd7 12.Bb2 Qe7 13.Rfd1 a5 14.Bf1 e5 15.Nh4 h6
16.Bh3 exd4 17.Bxd4 Rfe8 18.f3 Bh7 19.e4 Nc5 20.Qc3 Ne6 21.Bxf6 Qxf6 22.Qxf6 gxf6
23.Bf1 Nc5 24.g4 h5 25.h3 hxg4 26.hxg4 Kg7 27.Ng2 f5 28.exf5 f6 29.Nf4 Bg8
30.Nh5+ Kf7 31.Re1 Nd7 32.f4 Rxe1 33.Rxe1 Re8 34.Rxe8 Kxe8 35.Bg2 Ke7 36.Bc6 Nc5
37.g5 Bf7 38.Nxf6 Nd3 39.Nd5+ Bxd5 40.f6+ Kf8 41.Bxd5 Nxf4 42.Kh2  1-0

[Event "TCh-HUN 2005-6"]
[Site "Hungary HUN"]
[Date "2005.10.16"]
[Round "1"]
[White "Korpics,Z"]
[Black "Horvath,And"]
[Result "1/2-1/2"]
[WhiteElo "2336"]
[BlackElo "2339"]

1.d4 Nf6 2.c4 e6 3.Nf3 b6 4.g3 Ba6 5.Nbd2 Bb7 6.Bg2 c5 7.e4 cxd4 8.O-O d6
9.Nxd4 a6 10.Re1 Qc7 11.a4 Be7 12.a5 Nbd7 13.N2b3 O-O 14.axb6 Nxb6 15.Na5 Nxc4
16.Nxb7 Qxb7 17.e5 Nd5 18.exd6 Bf6 19.Nxe6 fxe6 20.Rxe6 Ncb6 21.Ra5 Qf7 22.Bxd5 Nxd5
23.Qxd5  1/2-1/2

[Event "TCh-HUN 2005-6"]
[Site "Hungary HUN"]
[Date "2005.10.16"]
[Round "1"]
[White "Pinter,J"]
[Black "Istratescu,A"]
[Result "1/2-1/2"]
[WhiteElo "2526"]
[BlackElo "2622"]

1.d4 Nf6 2.c4 e6 3.Nf3 b6 4.g3 Ba6 5.b3 Bb7 6.Bg2 Bb4+ 7.Bd2 a5 8.O-O O-O
9.Nc3 d6 10.Qc2 Nbd7 11.Rad1 Bxc3 12.Bxc3 Be4 13.Qc1 a4 14.b4 b5 15.c5 Nd5
16.a3 Nxc3 17.Qxc3 d5 18.Ne5 Nxe5 19.dxe5 Bxg2 20.Kxg2 f5 21.Rd4 c6 22.Qe3 Ra7  1/2-1/2

[Event "Chigorin Mem"]
[Site "St Petersburg RUS"]
[Date "2005.10.18"]
[Round "4"]
[White "Iljin,A"]
[Black "Zacurdajev,M"]
[Result "1/2-1/2"]
[WhiteElo "2515"]
[BlackElo "2330"]

1.Nf3 Nf6 2.c4 e6 3.d4 b6 4.g3 Ba6 5.b3 Bb4+ 6.Bd2 Be7 7.Nc3 d5 8.cxd5 exd5
9.Bg2 Nbd7 10.O-O O-O 11.Bf4 c6 12.Qc2 Re8 13.Rfd1 Bb4 14.e3 Rc8 15.Ne5 h6
16.a3 Bxc3 17.Qxc3 g5 18.Nxd7 Qxd7 19.Be5 Nh7 20.Qc2 Rf8 21.g4 Qxg4 22.f3 Qe6
23.e4 Nf6 24.Re1 Nd7 25.Bg3 c5 26.f4 cxd4 27.Qd2 dxe4 28.Rxe4 Qg6 29.b4 Bb7
30.Rxd4 Rc2 31.Bxb7 Rxd2 32.Rxd2 gxf4 33.Rg2 Kh8 34.Bxf4 Qf6 35.Rf1 Rg8 36.Bg3 Qd4+
37.Kh1 Ne5 38.Re2 f6 39.Bg2 Kg7 40.Ref2 Rf8 41.Rf5 Ng6 42.Rd5 Qc3 43.Bf2 Rf7
44.Bd4 Qc4  1/2-1/2

[Event "Femida"]
[Site "Kharkiv UKR"]
[Date "2005.10.19"]
[Round "4"]
[White "Burmakin,V"]
[Black "Zubarev,Al1"]
[Result "1/2-1/2"]
[WhiteElo "2508"]
[BlackElo "2505"]

1.d4 Nf6 2.c4 e6 3.Nf3 b6 4.g3 Ba6 5.b3 Bb4+ 6.Bd2 Be7 7.Bg2 c6 8.Bc3 O-O
9.Nbd2 d5 10.O-O Nbd7 11.Qc2  1/2-1/2

[Event "Chigorin Mem"]
[Site "St Petersburg RUS"]
[Date "2005.10.19"]
[Round "5"]
[White "Tunik,G"]
[Black "Ionov,S"]
[Result "1/2-1/2"]
[WhiteElo "2457"]
[BlackElo "2522"]

1.d4 Nf6 2.c4 e6 3.Nf3 b6 4.g3 Ba6 5.Qb3 Nc6 6.Nbd2 Na5 7.Qc3 d5 8.cxd5 Nxd5
9.Qc2 c5 10.e4 Bxf1 11.Kxf1 Nb4 12.Qa4+ Nbc6 13.Nc4 Qd7 14.Nxa5 Nxa5 15.Qxd7+ Kxd7
16.Kg2 cxd4 17.Rd1 Nc6 18.Nxd4 Nxd4 19.Rxd4+ Ke8 20.a4 Bc5 21.Rc4 Ke7 22.b4 Bd6
23.Bg5+ f6 24.Be3 Rhc8 25.Rac1 Kd7 26.b5 Rxc4 27.Rxc4 Rc8 28.Rxc8 Kxc8 29.Kf3 Kb7
30.Ke2 a6 31.Kd3 axb5 32.axb5 Bc7 33.f4 Kc8 34.f5 Kd7 35.Kc4 g6 36.fxg6 hxg6
37.Bf2 Ke7 38.h4 f5 39.Kd3 Kf6 40.Bd4+ Kf7 41.e5 Kg7 42.Ke3  1/2-1/2